| 000 | 00348nam a2200145 a 4500 | ||
|---|---|---|---|
| 008 | 990526s1969||||xx 0 und c | ||
| 040 |
_aSNK _bslo _cSNK _eAACR2 |
||
| 100 | 1 | _aDumas, Alexandre | |
| 245 | 1 | 0 | _aKráľovnin náhrdelník. 2 |
| 260 |
_aBratislava _bTatran _c1969 |
||
| 300 | _a401 s. | ||
| 044 |
_axo _cSK |
||
| 041 | _aslo | ||
| 020 | _c44 | ||
| 999 |
_c10340 _d10340 |
||